KOHA-Header-6

100 Great Adventures (Record no. 8967)

000 -LEADER
fixed length control field 00231nam a2200109Ia 4500
020 ## - INTERNATIONAL STANDARD BOOK NUMBER
ISBN 978-0001000001
100 ## - MAIN ENTRY--AUTHOR NAME
Personal name John Canning
245 #0 - TITLE STATEMENT
Title 100 Great Adventures
260 ## - PUBLICATION, DISTRIBUTION, ETC. (IMPRINT)
Place of publication New York
Name of publisher Addison
Year of publication 1991
300 ## - PHYSICAL DESCRIPTION
Number of Pages 308
942 ## - ADDED ENTRY ELEMENTS (KOHA)
Koha item type Books
Holdings
Withdrawn status Lost status Collection code Permanent Location Current Location Shelving location Date acquired Full call number Accession Number Koha item type
    English Literature MAJU MAJU Shelf No.A15 2019-09-14 904 4199 English Literature

Powered by Koha